00370pab a2200133 454500008004000000100001500040245008500055260000900140300001500149362000800164650001800172700001400190773003200204180718b2003 xxu||||| |||| 00| 0 eng d aSharma, S. aEconomic contribution of women workers and development of family members: a note c2003 ap.399-403. aOct aWomen workers aOgale, N. aIndian Journal of Economics